| 000 | 01782cam a2200421 a 4500 | ||
|---|---|---|---|
| 001 | 1696 | ||
| 005 | 20251125084449.0 | ||
| 020 | _a9780545582957 (pbk) | ||
| 020 | _a0545582954 (pbk) | ||
| 040 |
_aGZD _cGZD _dAZO _dNYP _dAZFX8 _dTEU _dOCLCO _dDLC |
||
| 050 | 0 | 0 |
_aPZ7.R79835 _bHal 2013 |
| 082 | 0 | 0 |
_a[Fic] _223 |
| 100 | 1 | _aRowling, J. K. | |
| 245 | 1 | 0 |
_aHarry Potter and the goblet of fire / _cJ.K. Rowling |
| 260 |
_aLondon : _bBloomsbury, _c2000. |
||
| 300 |
_a636 pages : _billustrations ; _c19 cm |
||
| 500 | _aSequel to: Harry Potter and the prisoner of Azkaban. | ||
| 500 | _aSequel: Harry Potter and the Order of the Phoenix. | ||
| 500 | _aIncludes excerpt from Harry Potter and the Order of the Phoenix. | ||
| 500 | _a"4"--Spine. | ||
| 505 | _aQ | ||
| 520 | _aFourteen-year-old Harry Potter joins the Weasleys at the Quidditch World Cup, then enters his fourth year at Hogwarts Academy where he is mysteriously entered in an unusual contest that challenges his wizarding skills, friendships and character, amid signs that an old enemy is growing stronger. | ||
| 521 |
_a880
_bLexile |
||
| 521 |
_aQ
_bRaz-Plua |
||
| 650 | 0 |
_aHogwarts School of Witchcraft and Wizardry (Imaginary organization) _vJuvenile fiction. |
|
| 650 | 0 |
_aWeasley, Ron (Fictitious character) _vJuvenile fiction. |
|
| 650 | 0 |
_aWizards _vJuvenile fiction. |
|
| 650 | 0 |
_aMagic _vJuvenile fiction. |
|
| 650 | 0 |
_aSchools _vJuvenile fiction. |
|
| 650 | 1 |
_aHogwarts School of Witchcraft and Wizardry (Imaginary place) _vFiction. |
|
| 650 | 1 |
_aWizards _vFiction. |
|
| 650 | 1 |
_aMagic _vFiction. |
|
| 650 | 1 |
_aSchools _vFiction. |
|
| 655 | 7 |
_aFantasy fiction. _2gsafd |
|
| 700 | 1 |
_aGrandPré, Mary, _eillustrator |
|
| 906 |
_a7 _bcbc _ccopycat _d2 _encip _f20 _gy-gencatlg |
||
| 942 |
_2ddc _cBK _n0 |
||
| 999 |
_c1696 _d1696 |
||